Statistiques internationales rétrospectives international historical statistics (notice nᵒ 32191)
[ vue normale ]
| 000 -LEADER | |
|---|---|
| fixed length control field | 00559nam a2200157 4500 |
| 005 - DATE AND TIME OF LATEST TRANSACTION | |
| control field | 20201214094403.0 |
| 037 ## - SOURCE D'ACQUISITION | |
| Cote | BC_332 08 |
| Forme de support | Broché |
| 040 ## - SOURCE DU CATALOGAGE | |
| Origine cataloguage | BC-ENSA |
| Langue du catalogage | fre |
| 041 ## - CODE DE LANGUE | |
| Langue | Anglais |
| 100 ## - VEDETTE PRINCIPALE - AUTEUR PRINCIPAL | |
| Auteur | BAIROCH, P. |
| 245 ## - MENTION DU TITRE | |
| Titre | Statistiques internationales rétrospectives international historical statistics |
| Volume | volume 1 |
| Titre partie | La population active et sa structure the working population and its structure |
| 260 ## - PUBLICATION, DIFFUSION, ETC. (ADRESSE BIBLIOGRAPHIQUE) | |
| Lieu d'édition | Bruxelles |
| Nom de l'éditeur | l'institut de sociologie |
| Année d'édition | 1968 |
| 562 ## - NOTE D'IDENTIFICATION DES EXEMPLAIRES ET VERSIONS | |
| Numbre d' exemplaire | exemplaire(s) |
| 942 ## - ADDED ENTRY ELEMENTS (KOHA) | |
| Type document | Ouvrage |
| 653 ## - DESCRIPTEUR LIBRE | |
| Mots clés libres | SOCIOLOGIE/LA POPULATION ACTIVE/STRUCTURES |
| statut de retrait | Statut | emplacement permanent | Localisation actuelle | emplacement rayonnages | Cote | code à barre | Koha type d'élément |
|---|---|---|---|---|---|---|---|
| Bibliothèque Centrale | Bibliothèque Centrale | Magasin sous sol | BC_332 08 | BC_332 08 | Ouvrage |